[Event "25th Open"]
[Site "Oberwart AUT"]
[Date "2003.07.08"]
[Round "4"]
[White "Wittmann,W"]
[Black "Navara,D"]
[Result "0-1"]
[WhiteElo "2359"]
[BlackElo "2608"]

1.e4 c5 2.Nc3 Nc6 3.Nge2 e6 4.d4 cxd4 5.Nxd4 a6 6.g3 Nf6 7.Bg2 Qc7 8.O-O d6
9.Re1 Rb8 10.Nxc6 bxc6 11.b3 Be7 12.Bb2 O-O 13.Na4 Nd7 14.c4 c5 15.Qd2 Bb7
16.Rad1 Bc6 17.e5 Nxe5 18.Bxe5 dxe5 19.Bxc6 Qxc6 20.Qd7 Qb7 21.Qxb7 Rxb7
22.Rxe5 Rc8 23.Kg2 Kf8 24.f4 g6 25.Kf3 Rc6 26.g4 Rbc7 27.Nc3 Ke8 28.Re3 Rd7
29.Red3 Rxd3+ 30.Rxd3 f5 31.h3 Bf6 32.Ne2 Ke7 33.Ng3 a5 34.Ne2 Ra6 35.Nc3 Bxc3
36.Rxc3 Rd6 37.Re3 Rd2 38.a4 h6 39.gxf5 gxf5 40.Kg3 Rd4 41.Kf3 Kd7 42.Kg3 Kd6
43.Kf3 Kd7 44.Kg3 Ke7 45.Kf3 h5 46.h4 Rd8 47.Kf2 Rg8 48.Rh3 Kf6 49.Rh1 Rg7
50.Re1 Ke7 51.Kf3 Rg8 52.Re5 Kd6 53.Re1 Rb8 54.Re3 Ke7 55.Rd3 Rg8 56.Rd1 Rd8
57.Rg1 Rd3+ 58.Ke2 Rxb3 59.Rg7+ Kd6 60.Ra7 Rb4 61.Rxa5 Rxc4 62.Kf3 Kd5 63.Ra6 Rc3+
64.Kg2 Ra3 65.a5 c4 66.Ra8 Ke4 67.a6 Kxf4  0-1

[Event "1st Stage Russian Cup"]
[Site "Tomsk RUS"]
[Date "2003.07.08"]
[Round "5"]
[White "Katkov,S"]
[Black "Maletin,P"]
[Result "0-1"]
[WhiteElo "2187"]
[BlackElo "2422"]

1.e4 c5 2.Nf3 Nc6 3.d4 cxd4 4.Nxd4 e6 5.Nc3 Qc7 6.Be3 a6 7.Qd2 Nf6 8.f3 Ne5
9.O-O-O Bb4 10.Kb1 d5 11.exd5 Bxc3 12.Qxc3 Qxc3 13.bxc3 Nxd5 14.Bd2 b5 15.Nb3 Bd7
16.Na5 Rc8 17.Kb2 Nb6 18.f4 Na4+ 19.Kc1 Ng4 20.Re1 Nxc3 21.Kb2 Na4+ 22.Kb1 O-O
23.c4 bxc4 24.Bxc4 Bb5 25.Bxb5 axb5 26.h3 Nf6 27.Re5 Rfd8 28.Rc1 Rxc1+ 29.Kxc1 Nd5
30.f5 Nc5 31.Kc2 f6 32.Re1 exf5 33.Rb1 Ne4  0-1

[Event "Andorra"]
[Site "Andorra la Vella AND"]
[Date "2003.07.09"]
[Round "5"]
[White "Djingarova,E"]
[Black "Pogorelov,R"]
[Result "1/2-1/2"]
[WhiteElo "2300"]
[BlackElo "2449"]

1.e4 c5 2.Nf3 Nc6 3.d4 cxd4 4.Nxd4 e6 5.Nc3 d6 6.g3 Nf6 7.Bg2 Bd7 8.O-O Be7
9.Ndb5 Qb8 10.Bf4 Ne5 11.Bg5 O-O 12.Bxf6 Bxf6 13.Qxd6 Bxb5 14.Qxb8 Raxb8
15.Nxb5 Nc4 16.Nxa7 Ra8 17.Nb5 Bxb2 18.Rab1 Rxa2 19.Rfd1 Bf6 20.Nd6 Nb2 21.Re1 Bc3
22.Re3 Bd4 23.Rf3 Be5 24.Nxb7 Nc4 25.Rc1 Bd4 26.Rb3 Ne5 27.h3 g5 28.Nd6 Rd8
29.Nb5 Bc5 30.Nc3 Ra7 31.Nd1 Rd2 32.Ne3 Ra2 33.Kf1 h6 34.Ke1 Bxe3 35.Rxe3 Rdxc2
36.Rxc2 Rxc2 37.Bf3 Kg7 38.Bd1 Rb2 39.f4 Ng6 40.f5 Ne5 41.fxe6 fxe6 42.Be2 Kf6
43.Kf2 Nc6 44.Rd3 Ke5 45.Ke3 Rb4 46.Bf3 Nd4 47.Bg2 Rb2 48.Rd2 Rb3+ 49.Kf2 Nb5
50.Ra2 Nc3 51.Ra5+ Kd4 52.Ra6 Nd1+ 53.Kg1 Ke5 54.Ra5+ Kf6 55.Ra1 Ne3 56.Kf2 Nc4
57.Ra2 Ke5 58.Bf3 Kd4 59.h4 Rb2+ 60.Rxb2 Nxb2 61.hxg5 hxg5 62.Bg4 Nd3+ 63.Ke2 Nc5  1/2-1/2

[Event "FSGM July"]
[Site "Budapest HUN"]
[Date "2003.07.09"]
[Round "5"]
[White "Reutsky,S"]
[Black "Krapivin,A"]
[Result "1/2-1/2"]
[WhiteElo "2307"]
[BlackElo "2339"]

1.e4 c5 2.Nf3 e6 3.Nc3 Nc6 4.d4 cxd4 5.Nxd4 Nf6 6.Nxc6 bxc6 7.e5 Nd5 8.Ne4 Qa5+
9.Bd2 Nb4 10.f4 Qd5 11.Ng3 Bc5 12.Bxb4 Bxb4+ 13.c3 Be7 14.Qc2 g5 15.Rd1 Qxa2
16.f5 Rb8 17.Rd2 Qa5 18.fxe6 fxe6 19.Be2 O-O 20.Bd3 Qxe5+ 21.Re2 Qg7 22.Nh5 Qh6
23.g4 c5 24.Qa4 c4 25.Qxc4 Bb7 26.Rf1 Rxf1+ 27.Kxf1 Rf8+ 28.Ke1 Bd5 29.Qa4 Bc6
30.Qxa7 Rf7 31.Rf2 Rxf2 32.Qxf2 Qf8 33.Qe3  1/2-1/2

[Event "32nd TCh-GRE"]
[Site "Kallithea Chalkidiki GRE"]
[Date "2003.07.09"]
[Round "6"]
[White "Mastrovasilis,D"]
[Black "Sokolov,And1"]
[Result "1/2-1/2"]
[WhiteElo "2493"]
[BlackElo "2554"]

1.e4 c5 2.Nf3 e6 3.d4 cxd4 4.Nxd4 Nc6 5.Nc3 d6 6.Be3 Nf6 7.f4 e5 8.Nf3 Ng4
9.Qd2 Nxe3 10.Qxe3 exf4 11.Qxf4 Be6 12.O-O-O Be7 13.Nd5 O-O 14.Kb1 Rc8 15.c3 Re8
16.h4 a6 17.Be2 Bxd5 18.Rxd5 Bf6 19.Rxd6 Qe7 20.Rhd1 Qxe4+ 21.Qxe4 Rxe4 22.Bd3 Ree8
23.Bf5 Rc7 24.g4 Rd8 25.Rxd8+ Nxd8 26.Kc2 g6 27.Be4 Ne6 28.g5 Be7 29.Bd5 Nd8
30.a3  1/2-1/2

[Event "32nd TCh-GRE"]
[Site "Kallithea Chalkidiki GRE"]
[Date "2003.07.09"]
[Round "7"]
[White "Antoniewski,R"]
[Black "Halkias,S"]
[Result "1/2-1/2"]
[WhiteElo "2499"]
[BlackElo "2560"]

1.e4 c5 2.Nf3 Nc6 3.Nc3 e6 4.d4 cxd4 5.Nxd4 Nf6 6.a3 d6 7.f4 Be7 8.Nf3 O-O
9.Bd3 a6 10.O-O b5 11.Kh1 Nd7 12.Qe1 b4 13.Na4 bxa3 14.b3 Rb8 15.Bxa3 a5
16.Qe2 Nb4 17.Rad1 Qc7 18.Bc4 Nf6 19.c3 d5 20.exd5 Nbxd5 21.Bxe7 Nxe7 22.Qe5 Qxe5
23.Nxe5 Nf5 24.Rd3 Nd5 25.Nc6 Ra8 26.Bxd5 exd5 27.Re1 Bb7 28.Ne5 Rfe8 29.Nc5 Rab8
30.Ra1 Ba8 31.Rxa5 f6  1/2-1/2

[Event "Open"]
[Site "Montpellier FRA"]
[Date "2003.07.09"]
[Round "3"]
[White "Ravot,S"]
[Black "Dumitrache,D"]
[Result "1/2-1/2"]
[WhiteElo "2176"]
[BlackElo "2492"]

1.e4 c5 2.Nf3 e6 3.d4 cxd4 4.Nxd4 Nc6 5.Nc3 a6 6.Be3 Nf6 7.Qd2 Bb4 8.f3 d5
9.a3 Qa5 10.Bd3 dxe4 11.Nxc6 bxc6 12.fxe4 Ng4 13.Bf4 e5 14.Bg3 Be6 15.h3 Nf6
16.Bxe5 Qxe5 17.axb4 O-O 18.O-O Qd4+ 19.Kh1 Qxb4 20.Ra4 Qb8 21.b3 Rd8 22.Ne2 Qe5
23.Qf4 Nd7 24.Qxe5 Nxe5 25.Rxa6 Nxd3 26.Rxa8 Rxa8 27.cxd3 Bxb3 28.Nd4 Ba4
29.Ra1 g6 30.Kg1 Kg7 31.Kf2 Kf6 32.Ke3 Kg5 33.g3 h5 34.Ne2 c5 35.Nc3 Bc6
36.Rxa8 Bxa8 37.Na4 h4 38.g4 f5 39.gxf5 gxf5 40.Nxc5 fxe4 41.dxe4 Bc6 42.Kf3 Bb5
43.Ne6+ Kf6 44.Nc7 Bd7 45.Nd5+ Ke5 46.Nf4 Kd4 47.Ne2+  1/2-1/2

[Event "Open"]
[Site "Montpellier FRA"]
[Date "2003.07.09"]
[Round "3"]
[White "Bergez,L"]
[Black "Sermier,G"]
[Result "1/2-1/2"]
[WhiteElo "2400"]
[BlackElo "2373"]

1.e4 c5 2.Nf3 e6 3.d4 cxd4 4.Nxd4 Nc6 5.Nc3 a6 6.Be3 Nge7 7.Nb3 b5 8.f4 d6
9.Qf3 Ng6 10.O-O-O Bd7 11.g3 Rc8 12.h4 h5 13.Qf2 Qc7 14.Bh3 Be7 15.Rhf1 O-O
16.g4 hxg4 17.Bxg4 b4 18.h5 bxc3 19.hxg6 cxb2+ 20.Kb1 fxg6 21.Qd2 Rfd8 22.Qc3 Rf8
23.Qc4 Nd8 24.Qxc7 Rxc7 25.Bd4 Nc6 26.Bxb2 Bc8 27.Ba3 e5 28.f5 gxf5 29.exf5 Rf6
30.Nd2 Nd4 31.Ne4 Rh6 32.Bb2  1/2-1/2

[Event "Andorra"]
[Site "Andorra la Vella AND"]
[Date "2003.07.10"]
[Round "6"]
[White "Lacasa Diaz,J"]
[Black "Al Modiahki,M"]
[Result "0-1"]
[WhiteElo "2398"]
[BlackElo "2574"]

1.e4 c5 2.Nf3 e6 3.Nc3 Nc6 4.d4 cxd4 5.Nxd4 Qc7 6.g3 a6 7.Bg2 Nf6 8.O-O Nxd4
9.Qxd4 Bc5 10.Bf4 d6 11.Qd2 h6 12.Rad1 e5 13.Be3 Be6 14.Bxc5 dxc5 15.Rfe1 O-O
16.Qd6 Qxd6 17.Rxd6 Rfd8 18.Red1 Rxd6 19.Rxd6 Kf8 20.f4 Rb8 21.Bf3 Ke7 22.fxe5 Nd7
23.Nd5+ Kf8 24.Kf2 Nxe5 25.b3 Nc6 26.c3 Ne5 27.Ke3 Bd7 28.h4 Bc6 29.Bh5 Re8
30.Nc7 Rc8 31.Nd5 Bxd5 32.Rxd5 f6 33.Be2 Ke7 34.Kf4 g5+ 35.hxg5 hxg5+ 36.Ke3 b6
37.Rd1 Rh8 38.Bxa6 Ra8 39.Be2 Rxa2 40.b4 Rc2 41.bxc5 Rxc3+ 42.Kf2 bxc5 43.Ra1 c4
44.Ra7+ Ke6 45.Ra6+ Kf7 46.Ra7+ Kg6 47.Rc7 g4 48.Bd1 Rc1 49.Ba4 Ra1 50.Bd7 Ra2+
51.Kf1 Nxd7 52.Rxd7 c3 53.Rc7 c2 54.Ke1 Ra1+ 55.Kd2 Rg1 56.Rxc2 Rg2+ 57.Kd3 Rxg3+
58.Kd4 Ra3 59.Rc8 Kg5 60.Rc5+ Kh4 61.e5 fxe5+ 62.Kxe5 g3 63.Kf4  0-1

[Event "1st Stage Russian Cup"]
[Site "Tomsk RUS"]
[Date "2003.07.10"]
[Round "7"]
[White "Salinnikov,D"]
[Black "Maletin,P"]
[Result "1/2-1/2"]
[WhiteElo "2338"]
[BlackElo "2422"]

1.e4 c5 2.Nf3 Nc6 3.Nc3 e6 4.d4 cxd4 5.Nxd4 Qc7 6.g3 a6 7.Bg2 Nf6 8.O-O d6
9.Re1 Nd7 10.Nce2 Be7 11.b3 O-O 12.c4 Bf6 13.Bb2 Nc5 14.Nf4 Bd7 15.Rb1 Bxd4
16.Bxd4 Nxd4 17.Qxd4 e5 18.Nd5 Qd8 19.Qe3 Bc6 20.b4 Ne6 21.Nb6 Rb8 22.b5 Be8
23.Red1 Nc5 24.Nd5 axb5 25.cxb5 Bd7 26.Rd2 Ne6 27.Qa3 Qg5 28.Qxd6 Rbd8 29.h4 Qh6
30.Ne7+ Kh8 31.Nf5 Qf6 32.Qb6 Bc8 33.Rbd1 Rxd2 34.Rxd2 g6 35.Ne3 Qe7 36.Qd6 Qxd6
37.Rxd6 Nd4 38.Rb6 Ne2+ 39.Kf1 Nc3 40.Nc4 Rd8 41.Rd6 Rxd6 42.Nxd6 Be6 43.Ke1 b6
44.Kd2 Na4 45.a3 Kg7 46.Bf1 f5 47.Bd3 Kf6 48.Bc2 Nc5 49.exf5 gxf5 50.Kc3 e4
51.Kd4 Ke7 52.Nc4 Bxc4 53.Kxc4 Kd6 54.a4 h6 55.Kd4 Ne6+ 56.Kc4 Nc5 57.Kb4 Kd5
58.a5 Nd3+ 59.Bxd3 bxa5+ 60.Kc3 exd3 61.f3 h5 62.Kxd3 a4 63.Kc3 Kc5 64.b6 Kxb6
65.Kb4 a3 66.Kxa3 Kc5 67.g4 fxg4 68.fxg4 hxg4 69.h5 g3 70.h6 g2 71.h7 g1=Q
72.h8=Q  1/2-1/2

[Event "1st Stage Russian Cup"]
[Site "Tomsk RUS"]
[Date "2003.07.10"]
[Round "7"]
[White "Gajsin,E"]
[Black "Kotov,M"]
[Result "1-0"]
[WhiteElo "2389"]
[BlackElo "2312"]

1.e4 c5 2.Nf3 e6 3.d4 cxd4 4.Nxd4 Nc6 5.Nc3 Qc7 6.Be3 a6 7.Qd2 Nf6 8.f3 b5
9.g4 h6 10.O-O-O b4 11.Nce2 Ne5 12.Ng3 d5 13.Bf4 Bd6 14.Kb1 Nc4 15.Qxb4 Bxf4
16.exd5 Ne3 17.dxe6 fxe6 18.Bd3 Kf7 19.Rde1 Rb8 20.Qa3 Nc4 21.Bxc4 Qxc4 22.Nge2 Be5
23.Qe3 Bd6 24.Nb3 Nd5 25.Qd2 Bd7 26.f4 Rhe8 27.g5 hxg5 28.fxg5 Qh4 29.Ned4 Kg8
30.Nf5 Qf4 31.Nxd6 Qxd6 32.Qe2 Rf8 33.Rd1 Qe7 34.h4 Bc6 35.Rhe1 g6 36.Qxa6  1-0

[Event "1st Stage Russian Cup"]
[Site "Tomsk RUS"]
[Date "2003.07.11"]
[Round "8"]
[White "Dashibalov,E"]
[Black "Kabanov,N"]
[Result "0-1"]
[WhiteElo "2191"]
[BlackElo "2489"]

1.e4 c5 2.Nf3 e6 3.Nc3 Nc6 4.d4 cxd4 5.Nxd4 Nf6 6.Nxc6 bxc6 7.e5 Nd5 8.Ne4 Qc7
9.f4 c5 10.c4 Nb4 11.a3 Nc6 12.Be3 Rb8 13.Rb1 a5 14.Bd3 d6 15.exd6 Bxd6 16.O-O Be7
17.Qh5 Nd4 18.Ng5 g6 19.Qh6 Bf8 20.Qh4 Qd8 21.f5 gxf5 22.Bf4 Rb7 23.Be5 Rg8
24.Bxd4 cxd4 25.Nf3 Qxh4 26.Nxh4 Bc5 27.Rfe1 Kf8 28.Re5 Be7 29.Nf3 Rb3 30.Ne1 Bb7
31.Bc2 Re3 32.Rxa5 Rxe1+ 33.Rxe1 Rxg2+ 34.Kf1 Rxc2  0-1

[Event "Open"]
[Site "Ikaros GRE"]
[Date "2003.07.12"]
[Round "1"]
[White "Milosevic,G"]
[Black "Fotiadis,A"]
[Result "1-0"]
[WhiteElo "2401"]
[BlackElo "1986"]

1.e4 c5 2.Nc3 e6 3.Nf3 Nc6 4.d4 cxd4 5.Nxd4 Nge7 6.Ndb5 Ng6 7.h4 Bc5 8.h5 Nge7
9.Qg4 Rg8 10.Bf4 e5 11.Bg5 d5 12.Qf3 Nd4 13.Nxd4 Bxd4 14.Nxd5 Bc5 15.h6 Be6
16.Bb5+ Kf8 17.O-O-O Bxd5 18.Rxd5 Qb6 19.Rxe5 Qxb5 20.Bxe7+ Bxe7 21.Rxb5 b6
22.Rf5 f6 23.e5 Rd8 24.hxg7+ Rxg7 25.exf6 Bxf6 26.Rxf6+ Kg8 27.Re1  1-0

[Event "103rd ch-SUI"]
[Site "Silvaplana SUI"]
[Date "2003.07.12"]
[Round "3"]
[White "Gallagher,Jo"]
[Black "Klauser,M"]
[Result "1-0"]
[WhiteElo "2520"]
[BlackElo "2353"]

1.e4 c5 2.Nf3 e6 3.d4 cxd4 4.Nxd4 Nc6 5.Nc3 d6 6.g4 a6 7.Be3 Nge7 8.Nb3 b5
9.a3 Ng6 10.g5 Bb7 11.h4 Nge5 12.f4 Nc4 13.Bxc4 bxc4 14.Nd4 d5 15.exd5 Ne7
16.Qd2 Nxd5 17.Nxd5 Bxd5 18.Rf1 Qc7 19.Qc3 h6 20.O-O-O hxg5 21.hxg5 Rh3 22.f5 O-O-O
23.fxe6 fxe6 24.Nxe6 Bxe6 25.Rxd8+ Qxd8 26.Qe5 Rxe3 27.Qxe3 Bg8 28.Qa7 Be7
29.Qxa6+ Kc7 30.Kb1 c3 31.Qa5+ Kc8 32.Qa8+ Kc7 33.Qa5+ Kc8 34.Qxc3+ Qc7 35.Qxg7 Qc4
36.Rf3 Qa2+ 37.Kc1 Qe6 38.Qc3+ Kb7 39.Rf6 Bxf6 40.gxf6 Qa2 41.Qd4 Be6 42.Kd2 Kc6
43.Kc3 Qa1 44.Kb4 Qc1 45.Qc5+ Kd7 46.Qe7+  1-0

[Event "zt 3.3"]
[Site "Yongchuan CHN"]
[Date "2003.07.12"]
[Round "2"]
[White "Ni Hua"]
[Black "Ye Jiangchuan"]
[Result "1/2-1/2"]
[WhiteElo "2533"]
[BlackElo "2683"]

1.e4 c5 2.Nf3 e6 3.d4 cxd4 4.Nxd4 Nc6 5.Nc3 Qc7 6.Be3 a6 7.Bd3 b5 8.O-O Bb7
9.Nxc6 Qxc6 10.a3 Nf6 11.f4 Bc5 12.Bxc5 Qxc5+ 13.Kh1 d6 14.Qe2 e5 15.Nd5 Nxd5
16.exd5 O-O 17.fxe5 dxe5 18.Qxe5  1/2-1/2

[Event "2nd Open"]
[Site "Condom FRA"]
[Date "2003.07.13"]
[Round "2"]
[White "Roser,K"]
[Black "Stoven,G"]
[Result "1-0"]
[WhiteElo "2324"]
[BlackElo "2096"]

1.e4 c5 2.Nc3 Nc6 3.Nf3 e6 4.d4 cxd4 5.Nxd4 a6 6.Be3 Bb4 7.Nxc6 Bxc3+ 8.bxc3 dxc6
9.Qxd8+ Kxd8 10.O-O-O+ Bd7 11.Bc4 Nf6 12.f3 Rc8 13.Rd2 h5 14.Rhd1 h4 15.f4 Rh5
16.Be2  1-0

[Event "2nd Open"]
[Site "Condom FRA"]
[Date "2003.07.13"]
[Round "2"]
[White "Bokros,A"]
[Black "Ducret,T"]
[Result "1/2-1/2"]
[WhiteElo "2477"]
[BlackElo "2223"]

1.e4 c5 2.Nf3 e6 3.d4 cxd4 4.Nxd4 Nc6 5.Nc3 d6 6.Be2 Nf6 7.Be3 Be7 8.O-O O-O
9.f4 Bd7 10.Kh1 Nxd4 11.Bxd4 Bc6 12.Bd3 Nd7 13.Qh5 Bf6 14.Bxf6 Nxf6 15.Qh3 e5
16.fxe5 dxe5 17.Qg3 Qe7 18.Rf5 Rae8 19.Raf1 Kh8 20.Bc4 b5 21.Rxf6 gxf6 22.Bxb5 Bxb5
23.Nxb5 Rg8 24.Qf2 Rg4 25.Qe2 Rf4 26.Re1 f5 27.Nc3 Qb7 28.g3 Rg4 29.Qf3 Qxb2
30.Nd5 Rxe4 31.Rxe4 fxe4 32.Qf6+ Kg8 33.Qg5+ Kh8 34.Nf6 Qb1+ 35.Kg2 Qxc2+
36.Kh3 Qc8+ 37.Kh4 Re6 38.Qh6 Rxf6 39.Qxf6+ Kg8 40.Qxe5 Qd8+ 41.Kh5 Qd3 42.Qb8+ Kg7
43.Qe5+  1/2-1/2

[Event "13th S&WYM Rated"]
[Site "Millfield School ENG"]
[Date "2003.07.13"]
[Round "4"]
[White "Hanley,Ja"]
[Black "Peck,P"]
[Result "1/2-1/2"]
[WhiteElo "2030"]
[BlackElo "2064"]

1.e4 c5 2.Nf3 e6 3.Nc3 Nc6 4.d4 cxd4 5.Nxd4 Nge7 6.Be3 a6 7.a4 b6 8.g3 Bb7
9.Nxc6 Nxc6 10.Bg2 Bb4 11.O-O O-O 12.f4 Na5 13.Qd3 Qc7 14.Na2 Be7 15.b3 f5
16.Rad1 Rad8 17.Rf2 fxe4 18.Bxe4 d5 19.Bxh7+ Kh8 20.Bg6 d4 21.Qe2 Rf5 22.Qg4 Bf6
23.Qh3+ Kg8 24.Bxf5 exf5 25.Bc1 d3 26.c3 Nxb3 27.Ba3 Qc6 28.Qg2 Qxg2+ 29.Rxg2 Bxg2
30.Kxg2 Re8 31.Nc1  1/2-1/2

[Event "103rd ch-SUI"]
[Site "Silvaplana SUI"]
[Date "2003.07.13"]
[Round "4"]
[White "Horvath,Ta1"]
[Black "Wyss,T"]
[Result "1-0"]
[WhiteElo "2435"]
[BlackElo "2265"]

1.e4 c5 2.Nf3 e6 3.d4 cxd4 4.Nxd4 Nc6 5.Nc3 Qc7 6.g4 a6 7.Be3 b5 8.Qd2 Nxd4
9.Qxd4 Bb7 10.O-O-O Rc8 11.Bd3 Nf6 12.f3 Bc5 13.Qxc5 Qxc5 14.Bxc5 Rxc5 15.h4 h6
16.Ne2 a5 17.Nd4 a4 18.Bxb5 Nxe4 19.fxe4 Bxe4 20.Rh2 O-O 21.Bxd7 e5 22.Re1  1-0

[Event "25th Politiken Cup"]
[Site "Copenhagen DEN"]
[Date "2003.07.14"]
[Round "1"]
[White "Mortensen,H"]
[Black "Skytte,R"]
[Result "0-1"]
[WhiteElo "2027"]
[BlackElo "2404"]

1.e4 c5 2.Nf3 e6 3.d4 cxd4 4.Nxd4 Nc6 5.Nc3 Qc7 6.Be2 a6 7.O-O b5 8.a3 Bb7
9.Kh1 Nf6 10.f4 Nxd4 11.Qxd4 Bc5 12.Qd3 h5 13.Be3 Ng4 14.Bxg4 hxg4 15.Rad1 O-O-O
16.Ne2 Rh6 17.Ng3 Rdh8 18.b4 Rxh2+ 19.Kg1 Bxe3+ 20.Qxe3 f5 21.Rd2 Bxe4 22.Nxe4 fxe4
23.Qxe4 Qb6+ 24.Qd4 Qxd4+ 25.Rxd4 g3  0-1

[Event "25th Politiken Cup"]
[Site "Copenhagen DEN"]
[Date "2003.07.14"]
[Round "1"]
[White "Moller,A"]
[Black "Holst,A"]
[Result "0-1"]
[WhiteElo "1975"]
[BlackElo "2361"]

1.e4 c5 2.Nf3 e6 3.d4 cxd4 4.Nxd4 Nc6 5.Nc3 a6 6.Be2 Nge7 7.O-O b5 8.a3 Nxd4
9.Qxd4 Nc6 10.Qd1 Be7 11.f4 Bb7 12.Be3 Rc8 13.Bd3 Na5 14.Qg4 O-O 15.f5 Kh8
16.Rad1 Nc4 17.Bxc4 Rxc4 18.fxe6 fxe6 19.Rxf8+ Bxf8 20.Qxe6 Bc6 21.Qf7 Qe7
22.Qxe7 Bxe7 23.Rd4 Bf6 24.Rxc4 bxc4 25.Bd2 Bd4+ 26.Kf1 Bxc3 27.Bxc3 Bxe4
28.b3 Bxc2 29.bxc4 Bd3+ 30.Kf2 Bxc4 31.Ke3 Kg8 32.Kd4 Bf1 33.g3 Kf7 34.Ke5 Bh3
35.a4 g5 36.a5 Kg6 37.Bb4 Kh5 38.Bd6 Kg4 39.Be7 h6 40.Bf8 h5 41.Be7 Bg2 42.Bd6 Kf3
43.Kf5 g4 44.Kg5 Ke4 45.Kxh5 Kf5 46.Kh6 Bf3 47.Kg7 Ke6 48.Bf4 d5 49.Kg6 Bg2
50.Kg5 Bh3 51.Bc7 d4 52.Kf4 Kd5 53.Bb6 Kc4 54.Ke4 d3  0-1

[Event "103rd ch-SUI"]
[Site "Silvaplana SUI"]
[Date "2003.07.14"]
[Round "5"]
[White "Fierz,M"]
[Black "Klauser,M"]
[Result "1-0"]
[WhiteElo "2238"]
[BlackElo "2353"]

1.e4 c5 2.Nf3 e6 3.d4 cxd4 4.Nxd4 Nc6 5.Nc3 d6 6.Be2 Nf6 7.O-O Be7 8.Be3 O-O
9.f4 a6 10.Qe1 Nxd4 11.Bxd4 b5 12.a3 Bb7 13.Qg3 Bc6 14.Rae1 Qd7 15.Bd3 Rad8
16.Qh3 e5 17.fxe5 dxe5 18.Bxe5 Bc5+ 19.Kh1 Qxh3 20.gxh3 Nd7 21.Bf4 Bd4 22.Nd5 Bxd5
23.exd5 Nc5 24.Be2 Bxb2 25.Bf3 Bxa3 26.Bc7 Rd7 27.d6 Ne6 28.Bc6 Rxc7 29.dxc7 Nxc7
30.Rd1 Bc5 31.Rd7 Bb6 32.Re1 Ne6 33.Bd5 Nf4 34.Ba2 Bc5 35.Re5 Ba3 36.Rf5 g5
37.Rfxf7 Rxf7 38.Rxf7 Kh8 39.h4 h6 40.hxg5 hxg5 41.h4 Nh3 42.Rf3 Be7 43.Rxh3 g4
44.Re3 Bf8 45.Re6 a5 46.Re5  1-0

[Event "25th Politiken Cup"]
[Site "Copenhagen DEN"]
[Date "2003.07.16"]
[Round "3"]
[White "Sander,R"]
[Black "Petersen,PB"]
[Result "0-1"]
[WhiteElo "2060"]
[BlackElo "2221"]

1.e4 c5 2.Nf3 e6 3.d4 cxd4 4.Nxd4 Nc6 5.Nc3 Qc7 6.f4 a6 7.Nxc6 dxc6 8.Be3 Nf6
9.Bd3 e5 10.fxe5 Qxe5 11.Qd2 Be6 12.O-O-O Bb4 13.a3 Be7 14.Bf4 Qa5 15.Kb1 Qd8
16.Qf2 Nd7 17.Qg3 Qa5 18.Bd2 Qe5 19.Bf4 Qa5 20.Bd2 Qe5 21.Bf4 Qd4 22.Be2 Qf6
23.Rhf1 O-O 24.Bd6 Bxd6 25.Qxd6 Qe5 26.Qd2 Qxh2 27.Bf3 Qe5 28.Rh1 Qf6 29.Rh5 Ne5
30.Qd4 Nd7 31.Qe3 Rfe8 32.Rdh1 h6 33.e5 Nxe5 34.Rxe5 Qxe5 35.Qxe5 Ba2+ 36.Kxa2 Rxe5
37.Rd1 Rae8 38.Rd7 R8e7 39.Rd8+ Kh7 40.Rd4 f5 41.Na4 g5 42.Nb6 g4 43.Bd1 h5
44.c3 Kg6 45.Nc8 Rc7 46.Nd6 c5 47.Rd3 Rd7 48.Bc2 Re2 49.Kb1 Rxg2 50.Nxf5 Rg1+
51.Ka2 Rxd3 52.Bxd3 Kg5 53.Nd6 Rd1 54.Ne4+ Kf4 55.Nxc5 g3 56.Be2 g2 57.Bxd1 g1=Q  0-1

[Event "Women's"]
[Site "Saint Lo FRA"]
[Date "2003.07.16"]
[Round "8"]
[White "Huisman,C"]
[Black "Rodriguez Vinuesa,A"]
[Result "1-0"]
[WhiteElo "1999"]
[BlackElo "2116"]

1.e4 c5 2.Nf3 Nc6 3.Nc3 e6 4.d4 cxd4 5.Nxd4 Nf6 6.a3 d5 7.Bb5 Qc7 8.exd5 Nxd5
9.Nxd5 exd5 10.O-O Be7 11.Nxc6 bxc6 12.Qxd5 Bd7 13.Qe4 Rc8 14.Ba6 Be6 15.Bf4 Qd7
16.Rad1 Bd5 17.Bxc8 Qxc8 18.Qe3 Qb7 19.Bd6 Be6 20.Qc5 Bxd6 21.Qxd6 Qd7 22.Qc5 Qc7
23.Rfe1 h6 24.f4 g6 25.Kh1 h5 26.f5 gxf5 27.Qxf5 Rh6 28.Qc5 Rh7 29.Rd6 Qe7
30.Qxc6+ Kf8 31.Qc5 Kg7 32.Qe5+ Kf8 33.Red1  1-0

[Event "13th S&WYM"]
[Site "Millfield School ENG"]
[Date "2003.07.17"]
[Round "9"]
[White "Jasny,S"]
[Black "Gordon,S"]
[Result "1/2-1/2"]
[WhiteElo "2319"]
[BlackElo "2216"]

1.e4 c5 2.Nf3 e6 3.d4 cxd4 4.Nxd4 Nc6 5.Nc3 d6 6.Be3 Nf6 7.Be2 Be7 8.O-O O-O
9.Kh1 e5 10.Nb3 Be6 11.f4 exf4 12.Bxf4 d5 13.e5 Nd7 14.Nxd5 Ndxe5 15.c4 Bg5
16.Bg3 b5 17.cxb5 Bxd5 18.bxc6 Nxc6 19.Bf3 Bxf3 20.Qxf3 Nd4 21.Nxd4 Qxd4
22.b3 Qf6 23.Qb7 Qe7 24.Qxe7 Bxe7 25.Rad1 Rfc8 26.Rd7 Bf6 27.h3 h5 28.Rf5 Rc1+
29.Kh2 h4 30.Be5 Rc5 31.Rxf6 gxf6 32.Bxf6 Rc2 33.Rd4 Kh7 34.Ra4 Re8 35.Rxa7 Ree2
36.Kh1 Rxg2 37.Rxf7+ Kg8 38.Rc7 Rh2+ 39.Kg1 Rcg2+ 40.Kf1 Rxa2 41.Kg1 Rhg2+
42.Kh1 Rh2+ 43.Kg1 Rxh3 44.Rg7+ Kf8 45.Rg2 Ra6 46.Rf2 Ke8 47.Kg2 Rg3+ 48.Kh2 Rg4
49.Kh3 Re4 50.Rf3 Rb6 51.Bg5 Rg6 52.Rf5 Rd4 53.Rb5 Kd7 54.Ra5 Kc7 55.Rf5 Kd7
56.Ra5 Rc6 57.Ra7+ Kc8 58.Ra4 Rc3+ 59.Kh2 Rd5 60.Rg4 Rc2+ 61.Kh1 Rd1+ 62.Rg1 Rxg1+
63.Kxg1 h3 64.Be7 Kd7 65.Bf8 Ke6 66.b4 Rb2 67.b5 Rxb5 68.Kh2 Rb3 69.Bc5 Ke5
70.Be7 Rd3 71.Bb4 Kf4 72.Ba5 Kg4 73.Bc7 Rd2+ 74.Kh1 Kf3 75.Bb8 Kg4 76.Bc7 h2
77.Bxh2 Kh3 78.Bg1 Kg3 79.Bb6 Rh2+ 80.Kg1 Rc2 81.Kh1 Rc4 82.Ba7 Ra4 83.Bb6 Ra6
84.Bd4 Re6 85.Ba7 Rh6+ 86.Kg1 Ra6 87.Bf2+ Kf3 88.Bd4 Rd6 89.Ba7 Ra6 90.Bd4  1/2-1/2

[Event "103rd ch-SUI"]
[Site "Silvaplana SUI"]
[Date "2003.07.17"]
[Round "8"]
[White "Jenni,F"]
[Black "Fierz,M"]
[Result "1-0"]
[WhiteElo "2508"]
[BlackElo "2238"]

1.e4 c5 2.Nf3 e6 3.d4 cxd4 4.Nxd4 Nc6 5.Nc3 Qc7 6.Be2 a6 7.O-O Nf6 8.Kh1 d6
9.f4 Be7 10.Be3 O-O 11.Qe1 Nxd4 12.Bxd4 b5 13.a3 Bb7 14.Qg3 Bc6 15.Rad1 Rac8
16.Bf3 Qb7 17.Rfe1 Rfd8 18.Nd5 exd5 19.exd5 Be8 20.Rxe7 Qxe7 21.Re1 Qxe1+
22.Qxe1 Rxc2 23.h3 Kf8 24.Qa5 Rcc8 25.Qxa6 Ra8 26.Qb6 Ke7 27.Bc3 Rab8 28.Qf2 Rdc8
29.g4 Kf8 30.g5 Rxc3 31.bxc3 Nd7 32.Bg4 Ra8 33.Bxd7 Bxd7 34.f5 f6 35.gxf6 gxf6
36.Qh4  1-0

[Event "ch-GBR"]
[Site "Edinburgh SCO"]
[Date "2003.07.18"]
[Round "5"]
[White "Rowson,J"]
[Black "Arakhamia,K"]
[Result "1/2-1/2"]
[WhiteElo "2536"]
[BlackElo "2408"]

1.e4 c5 2.Nf3 e6 3.Nc3 Nc6 4.d4 cxd4 5.Nxd4 Nf6 6.Nxc6 bxc6 7.e5 Nd5 8.Ne4 Qc7
9.f4 Qb6 10.c4 Bb4+ 11.Ke2 Ba6 12.Kf3 f5 13.exf6 Nxf6 14.Be3 Qa5 15.Nxf6+ gxf6
16.Kf2 Ke7 17.Bd3 Bc5 18.Re1 Qb6 19.b3 h5 20.Qf3 Rag8 21.Rad1 h4 22.Kf1 Bxe3
23.Rxe3 Bc8 24.Qf2 Kd8 25.Be2 Kc7 26.b4 Rg7 27.a3 c5 28.Red3 Bb7 29.bxc5 Qb2
30.Bf3 Qxf2+ 31.Kxf2 Bxf3 32.Kxf3 Rh5 33.c6 Kxc6 34.Rd6+ Kc7 35.Ra6 Kb7 36.Rad6 Kc7
37.Ra6 Kb7 38.Rad6  1/2-1/2

[Event "BCSA Open"]
[Site "Batumi GEO"]
[Date "2003.07.19"]
[Round "3"]
[White "Kashashvili,A"]
[Black "Sulashvili,G"]
[Result "1-0"]
[WhiteElo "2305"]
[BlackElo "2174"]

1.e4 c5 2.Nf3 e6 3.d4 cxd4 4.Nxd4 Nc6 5.Nc3 Qc7 6.g3 a6 7.Bg2 Nf6 8.O-O Bc5
9.Nb3 Be7 10.a4 d6 11.f4 b6 12.Be3 Bb7 13.Kh1 h5 14.h3 Nb4 15.Qe2 d5 16.e5 Nd7
17.a5 b5 18.Bd4 g6 19.Qf2 Nxc2 20.Rac1 Nxd4 21.Nxd5 Qb8 22.Nc7+ Kf8 23.Nxd4 Ra7
24.f5 exf5 25.Nxf5 Bxg2+ 26.Kxg2 Rxc7 27.Nxe7 Qb7+ 28.Kh2 Nxe5 29.Qf6 Rh7
30.Nxg6+ Nxg6 31.Qd8+  1-0

[Event "24th Open"]
[Site "Bled SLO"]
[Date "2003.07.19"]
[Round "7"]
[White "Muslija,I"]
[Black "Basagic,Z"]
[Result "0-1"]
[WhiteElo "2286"]
[BlackElo "2379"]

1.e4 c5 2.Nf3 e6 3.Nc3 Nc6 4.d4 cxd4 5.Nxd4 Nf6 6.Be2 Bb4 7.O-O O-O 8.Nxc6 dxc6
9.Bd3 e5 10.Qe2 Bg4 11.Qe3 Nh5 12.h3 Be6 13.Qf3 Qh4 14.Ne2 Bc5 15.Be3 Bxe3
16.Qxe3 Nf4 17.Kh2 g5 18.Nxf4 gxf4 19.Qf3 Kh8 20.Be2 Rg8 21.Qh5 Qf6 22.Qf3 Rg6
23.g4 Qh4 24.Kg2 f5 25.Qc3 fxg4 26.Qxe5+ Kg8  0-1

[Event "25th Politiken Cup"]
[Site "Copenhagen DEN"]
[Date "2003.07.19"]
[Round "6"]
[White "Malmdin,N"]
[Black "Pedersen,St"]
[Result "1-0"]
[WhiteElo "2190"]
[BlackElo "2416"]

1.e4 c5 2.Nf3 Nc6 3.Nc3 e6 4.d4 cxd4 5.Nxd4 Nf6 6.a3 e5 7.Nf3 d6 8.h3 Be6
9.Bg5 Be7 10.Be2 a6 11.O-O O-O 12.Qd2 Ne8 13.Be3 f5 14.exf5 Rxf5 15.Nd5 Bxd5
16.Qxd5+ Kh8 17.c4 Rf8 18.Rad1 Nf6 19.Qd2 h6 20.Qc2 Nh7 21.Rd5 Ng5 22.Nxg5 Bxg5
23.Rfd1 Bxe3 24.fxe3 Qf6 25.Bf3 Rad8 26.Be4 Ne7 27.R5d2 Qg5 28.Qd3 Nf5 29.Bxf5 Rxf5
30.Qe4 Rf6 31.c5 d5 32.Rxd5 Rxd5 33.Rxd5 Rg6 34.Rxe5 Qf6 35.Re8+ Kh7 36.Re5 Qc6
37.Qxc6 Rxc6 38.b4 Kg6 39.Rd5 Rc7 40.Kf2 Kf6 41.e4 Ke6 42.Ke2 Rf7 43.g3 Rf8
44.a4 Rf7 45.b5 axb5 46.axb5 Rf8 47.Rd1 Ra8 48.Rc1 Ke5 49.Kd3 Rd8+ 50.Ke3 Ra8
51.Rc3 Rc8 52.c6 bxc6 53.Rxc6 Rb8 54.b6 h5 55.Rc5+ Ke6 56.Rb5 Rb7 57.Kf4 Kf6
58.h4 g6 59.e5+ Kg7 60.Ke4 g5 61.e6 gxh4 62.gxh4 Kf6 63.Kd5 Ke7 64.Kc6 Rb8
65.Kc7  1-0